00351nam a22001457a 4500003000400000020001800004082001800022100002900040245004600069250000800115260002600123300000800149650002400157653002400181SGT a9781118913499 a617.645bP17K aKoch, Goran... [et. al.] aPediatric Dentistry : A Clinical Approach a3rd bWiley Blackwellc2017 a390 aPediatric Dentistry aPediatric Dentistry